Water Resources Issues in the 111th Congress.

Examines water resource development and use issues, focusing on issues relating to Army Corps of Engineers and Bureau of Reclamation projects in western States.

Bibliographic Details
Corporate Authors: Library of Congress. Congressional Research Service, ProQuest (Firm)
Format: eBook
Language:English
Published: [Place of publication not identified] : [publisher not identified], 2009.
Series:U.S. Congressional Research.
Subjects:
Online Access:Connect to the full text of this electronic book

MARC

Tag First Indicator Second Indicator Subfields
LEADER 00000cam a22000001a 4500
001 in00003413402
006 m d f
007 cr bn mmmapmmp
008 101101s2009 dcu o f000 0 eng d
005 20260430225026.1
035 |a cis2007871703 
040 |a ProQuest  |c ProQuest  |d UtOrBLW 
043 |a n-us--- 
099 |a CRS-2009-RSI-0045 
110 2 |a Library of Congress.  |b Congressional Research Service. 
245 1 0 |a Water Resources Issues in the 111th Congress. 
264 1 |a [Place of publication not identified] :  |b [publisher not identified],  |c 2009. 
300 |a 1 online resource. 
336 |a text  |b txt  |2 rdacontent 
337 |a computer  |b c  |2 rdamedia 
338 |a online resource  |b cr  |2 rdacarrier 
500 |a Record is based on bibliographic data in ProQuest U.S. Congressional Research Digital Collection (last viewed Dec. 2010). Reuse except for individual research requires license from ProQuest, LLC. 
500 |a CRS Report. 
520 |a Examines water resource development and use issues, focusing on issues relating to Army Corps of Engineers and Bureau of Reclamation projects in western States. 
500 |a Electronic resource. 
650 0 |a Water-supply. 
650 0 |a Water resources development. 
655 7 |a Electronic books.  |2 local 
710 2 |a ProQuest (Firm) 
776 0 8 |i Microfiche version:   |a Library of Congress. Congressional Research Service.  |t Water Resources Issues in the 111th Congress 
830 0 |a U.S. Congressional Research. 
856 4 0 |u http://proxy.library.tamu.edu/login?url=https://congressional.proquest.com/congcomp/getdoc?CRDC-ID=CRS-2009-RSI-0045  |z Connect to the full text of this electronic book  |t 0 
999 |a MARS 
999 f f |s 09d51120-af0e-3ce5-9180-adfb687e24c3  |i d660ff84-8704-35fd-9a36-4b5982a6a5bf  |t 0 
952 f f |a Texas A&M University  |b College Station  |c Electronic Resources  |s www_evans  |d Available Online  |t 0  |e CRS-2009-RSI-0045  |h Other scheme 
998 f f |a CRS-2009-RSI-0045  |t 0  |l Available Online